Absolute Territory - Statistics

General Stats
  • This quiz has been taken 2 times
  • The average score is 281 of 309
Answer Stats
Answer % Correct
a
100%
about
100%
absolute
100%
a-knocking
100%
all
100%
an
100%
and
100%
arch
100%
art
100%
baby
100%
back
100%
be
100%
beat
100%
but
100%
can
100%
cant
100%
clothes
100%
comes
100%
curve
100%
deep
100%
derriere
100%
double
100%
down
100%
ear
100%
enticing
100%
feeling
100%
fetish
100%
fine
100%
flaunt
100%
flirt
100%
for
100%
game
100%
get
100%
girl
100%
goes
100%
got
100%
heart
100%
help
100%
her
100%
high
100%
hurt
100%
i
100%
im
100%
impact
100%
in
100%
it
100%
its
100%
kind
100%
knee
100%
know
100%
lie
100%
little
100%
maybe
100%
me
100%
mine
100%
more
100%
my
100%
no
100%
not
100%
now
100%
of
100%
off
100%
oh
100%
on
100%
only
100%
oversized
100%
pair
100%
pleasing
100%
pleat
100%
right
100%
shake
100%
shaking
100%
she
100%
shes
100%
shows
100%
so
100%
socks
100%
spine
100%
stocking
100%
sweatshirt
100%
take
100%
taking
100%
teasing
100%
tell
100%
territory
100%
terror
100%
that
100%
the
100%
theres
100%
theyre
100%
thigh
100%
third
100%
this
100%
to
100%
troubled
100%
want
100%
waters
100%
what
100%
when
100%
whispers
100%
with
100%
yeah
100%
you
100%
your
100%
youre
100%
by
50%
checkered
50%
control
50%
dead
50%
dont
50%
excuse
50%
father
50%
flaunting
50%
garters
50%
girls
50%
heartbeats
50%
how
50%
is
50%
just
50%
less
50%
manslaughter
50%
measured
50%
pattern
50%
perfect
50%
quickening
50%
ratio
50%
react
50%
resist
50%
score
50%
see
50%
should
50%
sickening
50%
skip
50%
skirt
50%
sleep
50%
soul
50%
starters
50%
status
50%
steal
50%
strap
50%
strutting
50%
taunting
50%
than
50%
thats
50%
those
50%
type
50%
up
50%
very
50%
wake
50%
way
50%
gonna
0%
meserizing
0%
pleaseing
0%
No matching quizzes found
Score Distribution
Percent of People with Each Score
Percentile by Number Answered
Your Score History
You have not taken this quiz